000 00365nam a2200145Ia 4500
008 230917s9999||||xx |||||||||||||| ||und||
040 _e49344
_aMAIN
041 _aEnglish
082 _a510 N812B:A
100 _aBarroso, Jorge Alberto, ed
245 0 _aAdvances in holomorphy
260 _aAmsterdam
_bNorth-Holland
_c1979
300 _aix, 766 p.
942 _cBK
999 _c201174
_d201174